| 000 | 00744nas a2200253 4500 | ||
|---|---|---|---|
| 001 | BR0800814 | ||
| 003 | BR-BrBNA | ||
| 005 | 20231205111602.0 | ||
| 007 | ta | ||
| 008 | 230509b bl.|||p| |||| 00| 00por d | ||
| 040 |
_aBR-BrBNA _bpor _cBiblioteca Nacional de Agricultura |
||
| 041 | _a(Pt) | ||
| 072 | _aL73 | ||
| 100 | 1 | _aSilva, J.M.L. da | |
| 100 | 1 | _aCouto, E.S. | |
| 100 | 1 | _aLúcio, W.F. | |
| 100 | 1 | _aMello, M.A. de | |
| 245 | 1 | _aMesotelioma em bovinos | |
| 650 | _aBOVINO | ||
| 650 | _aMESOTELIOMA | ||
| 773 | 0 |
_tArquivos da Escola de Veterinária da Universidade Federal de Minas Gerais (Brazil) _xISSN 0365-8384 _g(1972), v. 24(3) p. 251-255 _wBR0800814 |
|
| 909 |
_a202311 _bLúcia _c55 _dLúcia Elande |
||
| 942 |
_2AGRIS _n0 _cANA |
||
| 999 |
_c193413 _d193413 |
||